Pig Latin Matching Blitz Quiz Stats

 Plays Quiz Updated Jan 26, 2018

Challenge
Share
Tweet
Score 0/21 Timer 02:00
1 Play Today
% Correct
O.J.
84.2%
ashtray
80.6%
eBay
79.7%
eagle ray
76.8%
airway
76.4%
off-day
75.6%
any day
75.3%
inlay
74.4%
Elway
73.8%
O'Shea
73.7%
overplay
73.5%
% Correct
Estée
72.6%
inveigh
72.3%
outlay
71.8%
aisle way
71.4%
under way
71.2%
obey
71.1%
André
64.3%
entrée
62.9%
au lait
61.2%
outré
60%

You're not logged in!

Compare scores with friends on all Sporcle quizzes.
Join for Free
OR
Log In

You Might Also Like...

Show Comments

Extras

Top Quizzes Today


Score Distribution

Your Account Isn't Verified!

In order to create a playlist on Sporcle, you need to verify the email address you used during registration. Go to your Sporcle Settings to finish the process.

Report this User

Report this user for behavior that violates our Community Guidelines.

Details: